000 00480nam a22001937a 4500
003 MPLRDC
005 20220104142422.0
008 210129b ||||| |||| 00| 0 eng d
020 _a957-9321-75-2
082 _a848.1 LYT-19
100 _a林语堂著
245 _a正当傍徨少年时
_c
250 _a初版
260 _a
_b新潮社文化事业有限公司
_c1991
300 _b
490 _a选择文库;9
650 _a现代别集
942 _cBK
_o848.1 LYT-19
999 _c30754
_d30744